Normal view
MARC view
Entry Personal Name
001 - CONTROL NUMBER
- control field: 5788
003 - CONTROL NUMBER IDENTIFIER
- control field: ARRUPE
005 - DATE AND TIME OF LATEST TRANSACTION
- control field: 20131216173326.0
008 - FIXED-LENGTH DATA ELEMENTS
- fixed length control field: 131216|| aca||aabn | a|a d
040 ## - CATALOGING SOURCE
- Original cataloging agency: ARRUPE
- Transcribing agency: ARRUPE
100 ## - HEADING--PERSONAL NAME
- Personal name: Dendel, Esther Warner
670 ## - SOURCE DATA FOUND
- Source citation: Work cat.: (ARRUPE): Warner, Esther 5786, Trial by sasswood, 1955